[Event "London Chess Classic 2015"]
[Site "London ENG"]
[Date "2015.12.10"]
[Round "6"]
[White "Giri, Anish"]
[Black "Carlsen, Magnus"]
[Result "1/2-1/2"]
[WhiteElo "2778"]
[BlackElo "2850"]
[PlyCount "105"]
[EventDate "2015.12.04"]

1. e4 e5 2. Nf3 Nc6 3. Bb5 a6 4. Ba4 Nf6 5. O-O Be7 6. Re1 b5 7. Bb3 O-O 8. d4
d6 9. c3 Bg4 10. Be3 exd4 11. cxd4 Na5 12. Bc2 Nc4 13. Bc1 c5 14. b3 Nb6 15.
Nbd2 Rc8 16. Bb2 Nfd7 17. Qb1 g6 18. h3 Bxf3 19. Nxf3 cxd4 20. Nxd4 Bf6 21. Qd1
Ne5 22. Rc1 Bg5 23. Rb1 Nbd7 24. Rf1 Bf6 25. Rc1 Qb6 26. Bb1 Rxc1 27. Bxc1 Nd3
28. Qxd3 Bxd4 29. Bh6 Rc8 30. Qe2 Nf8 31. g3 Ne6 32. Kg2 Bg7 33. Be3 Bd4 34.
Bd2 Qd8 35. Rc1 Rxc1 36. Bxc1 Qf6 37. a4 bxa4 38. bxa4 Nc5 39. a5 Bc3 40. Ba3
Bxa5 41. Bxc5 dxc5 42. Bd3 Bc3 43. Bxa6 Bd4 44. Bc4 Kg7 45. h4 Qb6 46. h5 Qf6
47. Ba2 gxh5 48. f4 Qg6 49. Kh3 f5 50. exf5 Qxf5+ 51. Kg2 Kh6 52. Qe6+ Qxe6 53.
Bxe6 1/2-1/2

[Event "London Chess Classic 2015"]
[Site "London ENG"]
[Date "2015.12.10"]
[Round "6"]
[White "Topalov, Veselin"]
[Black "Adams, Michael"]
[Result "1/2-1/2"]
[WhiteElo "2803"]
[BlackElo "2744"]
[PlyCount "93"]
[EventDate "2015.12.04"]

1. d4 Nf6 2. c4 e6 3. Nf3 d5 4. Nc3 Be7 5. Bf4 O-O 6. e3 Nbd7 7. c5 c6 8. h3 b6
9. b4 a5 10. a3 h6 11. Bd3 Ba6 12. Bxa6 Rxa6 13. O-O Qc8 14. Rb1 axb4 15. axb4
Qb7 16. Ne1 Rfa8 17. Nc2 R6a7 18. f3 Qc8 19. Qd3 bxc5 20. bxc5 e5 21. dxe5 Nxc5
22. Qd2 Nfd7 23. Nd4 Ne6 24. Rfc1 Nxf4 25. exf4 Bc5 26. Kh2 Bxd4 27. Qxd4 Nf8
28. Qd2 Ng6 29. Rb2 Qd7 30. Ne2 Ra4 31. Rbc2 R8a6 32. Nd4 Ne7 33. Nb3 Qf5 34.
Nc5 Ra8 35. Nxa4 Rxa4 36. g3 g5 37. fxg5 hxg5 38. Re1 Ng6 39. e6 fxe6 40. Rxc6
Ne5 41. Rc8+ Kf7 42. Rf1 Nxf3+ 43. Rxf3 Qxf3 44. Qc2 Kg7 45. Qxa4 Qf2+ 46. Kh1
Qf1+ 47. Kh2 1/2-1/2

[Event "Chinese League (Division A) 2015"]
[Site "China CHN"]
[Date "2015.12.10"]
[Round "21"]
[White "Wang, Yue"]
[Black "Lysyj, Igor"]
[Result "1/2-1/2"]
[WhiteElo "2726"]
[BlackElo "2691"]
[PlyCount "62"]
[EventDate "2015.04.10"]
[WhiteTeam "Tianjing"]
[BlackTeam "Hangzhou"]

1. d4 e6 2. c4 Nf6 3. Nf3 d5 4. Nc3 dxc4 5. e3 a6 6. Bxc4 b5 7. Be2 Bb7 8. O-O
Nbd7 9. b3 c5 10. Bb2 Be7 11. dxc5 Nxc5 12. Qxd8+ Rxd8 13. Nd4 O-O 14. Rac1 Rc8
15. Rfd1 Rfd8 16. Kf1 Kf8 17. b4 Ncd7 18. a3 Nb6 19. Nb3 Rxd1+ 20. Nxd1 Rxc1
21. Bxc1 Nfd7 22. f3 f5 23. Bb2 Kf7 24. Kf2 Na4 25. Ba1 Bd5 26. Nd2 g6 27. Bd3
Bd6 28. h3 Ne5 29. Be2 Nb6 30. Bd4 Nbc4 31. Nxc4 Nxc4 1/2-1/2

[Event "Chinese League (Division A) 2015"]
[Site "China CHN"]
[Date "2015.12.10"]
[Round "21"]
[White "Mamedyarov, Shakhriyar"]
[Black "Lou, Yiping"]
[Result "1/2-1/2"]
[WhiteElo "2743"]
[BlackElo "2453"]
[PlyCount "77"]
[EventDate "2015.04.10"]
[WhiteTeam "Heibei"]
[BlackTeam "Shanghai"]

1. d4 Nf6 2. c4 g6 3. Nc3 d5 4. Nf3 Bg7 5. Bf4 O-O 6. Rc1 dxc4 7. e4 c5 8. dxc5
Qa5 9. e5 Nh5 10. Bd2 Qxc5 11. Be3 Qa5 12. Qd5 Qxd5 13. Nxd5 Nc6 14. Bxc4 Bg4
15. Bb5 Nxe5 16. Nxe7+ Kh8 17. Be2 Nxf3+ 18. Bxf3 Bxf3 19. gxf3 Bxb2 20. Rc7
Rfb8 21. f4 Kg7 22. Ke2 Ba3 23. Rd1 Re8 24. Nd5 b6 25. Kf3 Red8 26. Rb7 Bc5 27.
Bc1 Rd6 28. Bb2+ Kf8 29. Be5 Rdd8 30. a4 Bd6 31. Bf6 Nxf6 32. Nxf6 Be7 33.
Nxh7+ Kg7 34. Rc1 Ba3 35. Rc3 Kxh7 36. Rxa3 Kg7 37. Rc3 Rdb8 38. Rcc7 Rxb7 39.
Rxb7 1/2-1/2

[Event "Chinese League (Division A) 2015"]
[Site "China CHN"]
[Date "2015.12.10"]
[Round "21"]
[White "Wang, Chen"]
[Black "Yu, Yangyi"]
[Result "0-1"]
[WhiteElo "2500"]
[BlackElo "2724"]
[PlyCount "46"]
[EventDate "2015.04.10"]
[WhiteTeam "Chongqing"]
[BlackTeam "Beijing"]

1. Nf3 c5 2. e3 g6 3. c4 Bg7 4. Nc3 Nf6 5. Be2 O-O 6. O-O d5 7. d4 cxd4 8. exd4
Nc6 9. h3 dxc4 10. d5 Na5 11. Bf4 Bf5 12. Be5 Rc8 13. g4 Bd7 14. Qd4 b5 15.
Qxa7 b4 16. Nd1 e6 17. dxe6 Bxe6 18. Nd4 Qd5 19. Nxe6 Nc6 20. Qe3 fxe6 21. Bg3
Nd4 22. Rc1 Ne4 23. Re1 Ng5 0-1

[Event "Chinese League (Division A) 2015"]
[Site "China CHN"]
[Date "2015.12.11"]
[Round "22"]
[White "Inarkiev, Ernesto"]
[Black "Bu, Xiangzhi"]
[Result "1/2-1/2"]
[WhiteElo "2706"]
[BlackElo "2681"]
[PlyCount "65"]
[EventDate "2015.04.10"]
[WhiteTeam "Qingdao"]
[BlackTeam "Chongqing"]

1. e4 e5 2. Nf3 Nc6 3. Bb5 a6 4. Ba4 Nf6 5. O-O Be7 6. d3 b5 7. Bb3 d6 8. a3
O-O 9. Nc3 Bb7 10. Re1 Re8 11. Ba2 Qd7 12. Bg5 h6 13. Bxf6 Bxf6 14. Nd5 Bd8 15.
c3 Ne7 16. Nxe7+ Bxe7 17. d4 Bf6 18. dxe5 Bxe5 19. Bd5 Rab8 20. Qd2 Bxd5 21.
exd5 Bf6 22. Qd3 a5 23. Rxe8+ Rxe8 24. Re1 b4 25. Rxe8+ Qxe8 26. axb4 axb4 27.
cxb4 Qa4 28. b3 Qa1+ 29. Qf1 Qc3 30. Qc4 Qa1+ 31. Qf1 Qc3 32. Qc4 Qa1+ 33. Qf1
1/2-1/2

[Event "London Chess Classic 2015"]
[Site "London ENG"]
[Date "2015.12.11"]
[Round "7"]
[White "Caruana, F."]
[Black "Giri, A."]
[Result "1/2-1/2"]
[WhiteElo "2787"]
[BlackElo "2778"]
[PlyCount "72"]
[EventDate "2015.12.03"]

1. d4 Nf6 2. Bg5 d5 3. e3 c5 4. Bxf6 gxf6 5. dxc5 Nc6 6. c3 e6 7. b4 a5 8. Qb3
f5 9. Nf3 Bg7 10. b5 Nb8 11. Nbd2 O-O 12. Rc1 Nd7 13. c6 bxc6 14. bxc6 Nb8 15.
Bb5 Qb6 16. Ba4 Qc5 17. O-O Nxc6 18. c4 Ne7 19. cxd5 Qxd5 20. Qa3 Qb7 21. Rc4
Rd8 22. Rb1 Qa7 23. Qc1 Ba6 24. Rc7 Rdc8 25. Rxa7 Rxc1+ 26. Rxc1 Rxa7 27. Rc5
Bb7 28. Nb3 Bd5 29. Nfd2 Be5 30. Rxa5 Rxa5 31. Nxa5 Bxa2 32. Bb3 Bc3 33. Bxa2
Bxa5 34. Nf3 Bc7 35. Nd2 Ba5 36. Nf3 Bc7 1/2-1/2

[Event "London Chess Classic 2015"]
[Site "London ENG"]
[Date "2015.12.11"]
[Round "7"]
[White "Adams, Mi"]
[Black "Grischuk, A."]
[Result "1/2-1/2"]
[WhiteElo "2744"]
[BlackElo "2750"]
[PlyCount "57"]
[EventDate "2015.12.03"]

1. e4 c5 2. Nf3 d6 3. d4 cxd4 4. Nxd4 Nf6 5. Nc3 a6 6. g3 g6 7. Bg2 Bg7 8. O-O
O-O 9. h3 Nc6 10. Be3 Bd7 11. Nd5 Rc8 12. c3 Ne5 13. a4 Nxd5 14. exd5 Nc4 15.
Bc1 Qa5 16. Re1 Rfe8 17. Ra2 b5 18. Nc6 Bxc6 19. dxc6 e6 20. Qe2 Ne5 21. b4 Qc7
22. axb5 axb5 23. Qxb5 Nxc6 24. Be3 d5 25. Bf4 Be5 26. Bd2 Bg7 27. Bf4 Be5 28.
Bd2 Bg7 29. Bf4 1/2-1/2

[Event "London Chess Classic 2015"]
[Site "London ENG"]
[Date "2015.12.11"]
[Round "7"]
[White "Aronian, L."]
[Black "Topalov, V."]
[Result "1-0"]
[WhiteElo "2781"]
[BlackElo "2803"]
[PlyCount "53"]
[EventDate "2015.12.03"]

1. c4 c5 2. Nf3 Nf6 3. Nc3 d5 4. cxd5 Nxd5 5. e4 Nb4 6. Bc4 Nd3+ 7. Ke2 Nf4+ 8.
Kf1 Ne6 9. b4 cxb4 10. Nd5 g6 11. d4 Bg7 12. Be3 Nc6 13. Rc1 Bd7 14. Qd2 Qa5
15. h4 Rc8 16. Bb3 Qb5+ 17. Kg1 h6 18. Kh2 g5 19. Rhd1 Kf8 20. Kg1 Rd8 21. hxg5
hxg5 22. Bxg5 Nxg5 23. Qxg5 Bh6 24. Qh4 Bg7 25. Qf4 Bh6 26. Ng5 Bxg5 27. Qxg5
1-0

[Event "London Chess Classic 2015"]
[Site "London ENG"]
[Date "2015.12.12"]
[Round "8"]
[White "Vachier Lagrave, M."]
[Black "Adams, Mi"]
[Result "1/2-1/2"]
[WhiteElo "2765"]
[BlackElo "2744"]
[PlyCount "73"]
[EventDate "2015.12.03"]

1. e4 e5 2. Nf3 Nc6 3. Bb5 a6 4. Ba4 Nf6 5. O-O Be7 6. Re1 b5 7. Bb3 d6 8. c3
O-O 9. h3 Nb8 10. d4 Nbd7 11. Nbd2 Bb7 12. Bc2 Re8 13. Nf1 Bf8 14. Ng3 g6 15.
Bg5 h6 16. Bd2 Bg7 17. a4 c5 18. d5 c4 19. b4 cxb3 20. Bxb3 Nc5 21. c4 Qd7 22.
cxb5 axb5 23. a5 Reb8 24. Bc2 Bc8 25. Rb1 Qd8 26. Qc1 Kh7 27. Qa3 Ne8 28. Ne2
Nc7 29. Nc3 Bd7 30. Na2 N7a6 31. Nb4 Be8 32. Ra1 Nxb4 33. Qxb4 Na6 34. Qb3 Nc5
35. Qb4 Na6 36. Qb3 Nc5 37. Qb4 1/2-1/2

[Event "London Chess Classic 2015"]
[Site "London ENG"]
[Date "2015.12.12"]
[Round "8"]
[White "Grischuk, A."]
[Black "Aronian, L."]
[Result "1/2-1/2"]
[WhiteElo "2750"]
[BlackElo "2781"]
[PlyCount "80"]
[EventDate "2015.12.03"]

1. Nf3 d5 2. g3 Nf6 3. Bg2 e6 4. O-O Be7 5. c4 O-O 6. b3 b6 7. Bb2 Bb7 8. cxd5
Nxd5 9. d4 Nd7 10. Re1 N5f6 11. Nc3 c5 12. e4 cxd4 13. Nxd4 Bc5 14. Re2 Qb8 15.
Rd2 a6 16. Qe2 Ra7 17. Re1 Ne5 18. Kh1 Qa8 19. f4 Ng6 20. Nc2 Rd8 21. Red1 Rxd2
22. Rxd2 h5 23. Qd1 Ng4 24. Qe1 Bc6 25. h3 Nf6 26. b4 Bf8 27. Qe3 Rd7 28. Rxd7
Nxd7 29. a3 h4 30. Nd4 Bb7 31. f5 exf5 32. Nxf5 Nde5 33. Nd5 Nc4 34. Qd4 Nxb2
35. Qxb2 hxg3 36. Nh6+ gxh6 37. Nf6+ Kh8 38. Nh5+ Kg8 39. Nf6+ Kh8 40. Nh5+ Kg8
1/2-1/2

[Event "London Chess Classic 2015"]
[Site "London ENG"]
[Date "2015.12.12"]
[Round "8"]
[White "Topalov, V."]
[Black "Carlsen, M."]
[Result "1/2-1/2"]
[WhiteElo "2803"]
[BlackElo "2850"]
[PlyCount "193"]
[EventDate "2015.12.03"]

1. d4 Nf6 2. c4 e6 3. Nf3 d5 4. Nc3 c5 5. cxd5 Nxd5 6. e4 Nxc3 7. bxc3 cxd4 8.
cxd4 Bb4+ 9. Bd2 Bxd2+ 10. Qxd2 O-O 11. Bc4 Nd7 12. O-O b6 13. a4 Bb7 14. Rfe1
Nf6 15. Bd3 h6 16. a5 a6 17. axb6 Qxb6 18. Rab1 Qc7 19. Rbc1 Qe7 20. Qa5 Rfc8
21. Rxc8+ Rxc8 22. Nd2 Qd7 23. Qb6 Rc3 24. Bxa6 Bxa6 25. Qxa6 Qxd4 26. Nf3 Qc5
27. e5 Nd5 28. Qa8+ Kh7 29. Qb7 Rc1 30. Qb2 Rc2 31. Qd4 g5 32. g3 Kg7 33. Qxc5
Rxc5 34. Re4 Kg6 35. h3 Ne7 36. h4 Kf5 37. Ra4 Nc6 38. hxg5 hxg5 39. g4+ Kg6
40. Re4 Ne7 41. Kg2 Nd5 42. Kg3 Rc3 43. Re1 Ra3 44. Re4 Ra8 45. Rc4 Rh8 46. Re4
Nc3 47. Re3 Rc8 48. Re1 Rc4 49. Re3 Ne4+ 50. Kg2 Ra4 51. Re1 Nc5 52. Kg3 Rf4
53. Nd2 Nd3 54. Re2 Ra4 55. Nf3 Ra8 56. Re3 Rd8 57. Re4 Rh8 58. Rc4 Ra8 59. Rc3
Nf4 60. Rc4 Ne2+ 61. Kg2 Rh8 62. Re4 Nf4+ 63. Kg1 Ra8 64. Nh4+ Kh6 65. Ng2 Nd3
66. Ne1 Ra1 67. Kf1 Kg6 68. Re3 Nf4 69. Re4 Kg7 70. Kg1 Nd3 71. Kf1 Kf8 72. Re3
Nf4 73. Kg1 Ra4 74. Kh2 Nd5 75. Rg3 Kg7 76. Nd3 Rd4 77. Kg1 Nb6 78. Kf1 Re4 79.
Kg2 Nc4 80. Kh3 Rd4 81. Kg2 Kf8 82. Kf1 Ke7 83. Ke2 Re4+ 84. Kd1 Nxe5 85. Nxe5
Rxe5 86. Kd2 Kf6 87. Ra3 Kg6 88. Ra6 f5 89. gxf5+ Kxf5 90. Ra3 Kf4 91. Rb3 g4
92. Ra3 Re4 93. Rb3 e5 94. Ra3 Rb4 95. Ke2 Rb1 96. Ra4+ e4 97. Ra3 1/2-1/2

[Event "London Chess Classic 2015"]
[Site "London ENG"]
[Date "2015.12.12"]
[Round "8"]
[White "Caruana, F."]
[Black "Anand, V."]
[Result "1/2-1/2"]
[WhiteElo "2787"]
[BlackElo "2803"]
[PlyCount "118"]
[EventDate "2015.12.03"]

1. Nf3 d5 2. c4 e6 3. d4 Nf6 4. g3 Be7 5. Bg2 O-O 6. O-O dxc4 7. Qa4 a6 8. Qxc4
b5 9. Qc2 Bb7 10. Bd2 Bd6 11. Ng5 Bxg2 12. Kxg2 Nbd7 13. e4 e5 14. dxe5 Nxe5
15. f4 Nc4 16. Bc1 h6 17. Nf3 Ng4 18. Re1 Bc5 19. Nc3 Qd6 20. Nd1 Rad8 21. h3
Qxd1 22. Qxd1 Rxd1 23. Rxd1 Nge3+ 24. Bxe3 Nxe3+ 25. Kh2 Nxd1 26. Rxd1 Re8 27.
e5 f6 28. Rd5 Bf8 29. Kg2 c5 30. Kf2 fxe5 31. Nxe5 c4 32. Ke3 Bb4 33. Ke4 Be1
34. g4 c3 35. bxc3 Bxc3 36. h4 b4 37. h5 a5 38. Rxa5 b3 39. Ra7 b2 40. Rb7 Ra8
41. Kd3 Bxe5 42. fxe5 Rxa2 43. Ke4 Ra1 44. Rxb2 Kf7 45. Rb7+ Ke6 46. Rb6+ Kf7
47. Rb7+ Ke6 48. Rxg7 Ra4+ 49. Kf3 Kxe5 50. Re7+ Kf6 51. Rh7 Kg5 52. Rg7+ Kh4
53. Rg6 Rb4 54. Rxh6 Rb3+ 55. Kf4 Rb4+ 56. Ke5 Kxg4 57. Rh8 Rb5+ 58. Ke4 Rxh5
59. Rxh5 Kxh5 1/2-1/2

[Event "London Chess Classic 2015"]
[Site "London ENG"]
[Date "2015.12.13"]
[Round "9"]
[White "Adams, Mi"]
[Black "Caruana, F."]
[Result "1/2-1/2"]
[WhiteElo "2744"]
[BlackElo "2787"]
[PlyCount "69"]
[EventDate "2015.12.03"]

1. e4 e5 2. Nf3 Nc6 3. Bb5 a6 4. Ba4 Nf6 5. O-O Bc5 6. c3 b5 7. Bb3 d6 8. a4
Bg4 9. d3 O-O 10. Nbd2 Na5 11. Ba2 b4 12. h3 Bh5 13. Nc4 Nxc4 14. Bxc4 bxc3 15.
bxc3 c6 16. g4 Bg6 17. Bg5 d5 18. Ba2 dxe4 19. Nxe5 exd3 20. Nxg6 hxg6 21. Qf3
Qc7 22. Rad1 Qe5 23. Bxf6 Qxf6 24. Rxd3 Rfd8 25. Qxf6 gxf6 26. Rfd1 Be7 27.
Rxd8+ Rxd8 28. Rxd8+ Bxd8 29. Kf1 a5 30. Ke2 g5 31. Bb1 Bc7 32. Be4 Be5 33. Kd3
c5 34. Kc4 Kg7 35. f3 1/2-1/2

[Event "London Chess Classic 2015"]
[Site "London ENG"]
[Date "2015.12.13"]
[Round "9"]
[White "Aronian, L."]
[Black "Vachier Lagrave, M."]
[Result "1/2-1/2"]
[WhiteElo "2781"]
[BlackElo "2765"]
[PlyCount "66"]
[EventDate "2015.12.03"]

1. Nf3 c5 2. c4 Nc6 3. Nc3 e5 4. e3 Nf6 5. d4 e4 6. d5 exf3 7. dxc6 dxc6 8.
Qxd8+ Kxd8 9. gxf3 Kc7 10. b3 Be7 11. Bb2 Rd8 12. h4 g6 13. Bh3 Bxh3 14. Rxh3
Kd7 15. Rd1+ Ke6 16. Rxd8 Bxd8 17. Ke2 Rb8 18. Nb1 b5 19. Nd2 Ba5 20. Bxf6 Bxd2
21. Kxd2 Kxf6 22. Kc3 bxc4 23. Rh1 cxb3 24. axb3 h5 25. Ra1 g5 26. hxg5+ Kxg5
27. Rxa7 Kg6 28. Ra1 h4 29. Kc4 Rb4+ 30. Kxc5 Rxb3 31. Kxc6 Rb2 32. Rh1 Rxf2
33. Rxh4 Rxf3 1/2-1/2

[Event "London Chess Classic 2015"]
[Site "London ENG"]
[Date "2015.12.13"]
[Round "9"]
[White "Anand, V."]
[Black "Giri, A."]
[Result "1/2-1/2"]
[WhiteElo "2803"]
[BlackElo "2778"]
[PlyCount "66"]
[EventDate "2015.12.03"]

1. e4 e5 2. Nf3 Nc6 3. Bb5 Nf6 4. O-O Nxe4 5. d4 Nd6 6. Bxc6 dxc6 7. dxe5 Nf5
8. Qxd8+ Kxd8 9. Nc3 Ke8 10. h3 h5 11. Bf4 Be7 12. Rad1 Be6 13. Ng5 Rh6 14. g3
Bxg5 15. Bxg5 Rg6 16. h4 f6 17. exf6 gxf6 18. Bf4 Nxh4 19. f3 Rd8 20. Kf2 Rxd1
21. Nxd1 Nf5 22. Rh1 Bxa2 23. Rxh5 Be6 24. g4 Nd6 25. Rh7 Nf7 26. Ne3 b6 27.
Ng2 Rg8 28. Bxc7 Rh8 29. Rxh8+ Nxh8 30. Ne3 Nf7 31. Bg3 Nh6 32. Bf4 Nf7 33. Bg3
Nh6 1/2-1/2

[Event "London Chess Classic 2015"]
[Site "London ENG"]
[Date "2015.12.13"]
[Round "9"]
[White "Carlsen, M."]
[Black "Grischuk, A."]
[Result "1-0"]
[WhiteElo "2850"]
[BlackElo "2750"]
[PlyCount "75"]
[EventDate "2015.12.03"]

1. Nf3 c5 2. e4 d6 3. Bb5+ Nd7 4. O-O a6 5. Bd3 Ngf6 6. Re1 b5 7. c4 g5 8. Nxg5
Ne5 9. Be2 bxc4 10. Nc3 Rb8 11. Rf1 h6 12. Nf3 Nd3 13. Ne1 Nxb2 14. Bxb2 Rxb2
15. Bxc4 Rb4 16. Qe2 Bg7 17. Nc2 Rb6 18. Rab1 O-O 19. Rxb6 Qxb6 20. Ne3 e6 21.
f4 Kh8 22. f5 a5 23. a4 Qd8 24. h3 Qe7 25. Ba6 Bxa6 26. Qxa6 Nh5 27. Rf3 Rg8
28. Nb5 Be5 29. Ng4 Qh4 30. fxe6 fxe6 31. Nxe5 dxe5 32. Qxe6 Qe1+ 33. Kh2 Rxg2+
34. Kxg2 Qxd2+ 35. Kg1 Qe1+ 36. Rf1 Qe3+ 37. Rf2 Qe1+ 38. Kg2 1-0

[Event "London Classic Open (rapid) 2015"]
[Site "London ENG"]
[Date "2015.12.12"]
[Round "1"]
[White "McShane, Luke J"]
[Black "Levene, Joseph"]
[Result "1-0"]
[WhiteElo "2687"]
[BlackElo "1793"]
[PlyCount "107"]
[EventDate "2015.12.12"]

1. d4 d5 2. Bf4 Nf6 3. Nc3 c6 4. f3 Bf5 5. g4 Bg6 6. h4 h6 7. e3 e6 8. Nh3 Bd6
9. Qd2 Qc7 10. O-O-O Nbd7 11. Bxd6 Qxd6 12. Nf4 O-O-O 13. Rg1 e5 14. Nxg6 fxg6
15. Bd3 g5 16. h5 Rde8 17. Kb1 Kb8 18. Bg6 Re7 19. Ne2 Nf8 20. Bf5 Ne6 21. c3
Rd8 22. Ng3 Qc7 23. Bc2 exd4 24. cxd4 Ne8 25. Bd3 Nd6 26. Rc1 Rf8 27. Be2 Ref7
28. Ka1 Qb6 29. Rgd1 Nc4 30. Bxc4 dxc4 31. Nf5 Qa6 32. Qb4 Qb5 33. Qxc4 Nc7 34.
Qd3 Nd5 35. Qxb5 cxb5 36. e4 Ne7 37. d5 Nxf5 38. gxf5 Re8 39. Rc5 a6 40. Rdc1
Rd7 41. Kb1 g4 42. Kc2 gxf3 43. Kd3 f2 44. R5c2 Rde7 45. Re2 Re5 46. Rf1 Kc7
47. Rfxf2 Kd6 48. Rg2 R8e7 49. Rg6+ Kd7 50. Re6 R7xe6 51. dxe6+ Kd6 52. b4 Ke7
53. Rg2 Kf6 54. Rg6+ 1-0

[Event "London Classic Open (rapid) 2015"]
[Site "London ENG"]
[Date "2015.12.12"]
[Round "2"]
[White "Abrahams, Daniel"]
[Black "McShane, Luke J"]
[Result "0-1"]
[WhiteElo "2111"]
[BlackElo "2687"]
[PlyCount "204"]
[EventDate "2015.12.12"]

1. e4 e5 2. Nf3 Nc6 3. Bb5 Nf6 4. O-O Nxe4 5. Re1 Nd6 6. Bxc6 dxc6 7. Nxe5 Be7
8. d4 O-O 9. Bf4 f6 10. Nd3 b6 11. Nd2 Rf7 12. Nf1 Bf8 13. Ng3 Qd7 14. c3 Bb7
15. Qb3 Ba6 16. Rad1 Bc4 17. Qc2 Re8 18. b3 Ba6 19. c4 Bc8 20. Be3 Nf5 21. Nxf5
Qxf5 22. Qd2 Rd7 23. Nf4 c5 24. d5 c6 25. Qc1 cxd5 26. Nxd5 Bb7 27. Nf4 Bd6 28.
Nd5 Bb8 29. Bf4 Rxe1+ 30. Rxe1 Bxf4 31. Nxf4 Rd4 32. Ne2 Rd8 33. Ng3 Qd3 34. h4
Bc6 35. Qf4 Qd2 36. Re3 Qd1+ 37. Kh2 Qd4 38. Ne4 Re8 39. f3 Re5 40. Re2 Qd8 41.
Rd2 Qe7 42. Ng3 g6 43. Rd3 Kg7 44. Qg4 Qc7 45. f4 Re8 46. h5 Qc8 47. f5 g5 48.
h6+ Kf7 49. Rd6 Qc7 50. Qh5+ Ke7 51. Re6+ Kd8 52. Rxf6 Kc8 53. Qf7 Re7 54. Qg8+
Kb7 55. Re6 Rd7 56. Qxg5 Ka6 57. f6 Rd4 58. f7 Qxf7 59. Rxc6 Qf2 60. Rf6 Qxa2
61. Rf3 Qc2 62. Kh3 Rd2 63. Nf1 Rd1 64. Qg4 Qc1 65. Qf4 Qb1 66. Rf2 Rd4 67. Qg3
Rd1 68. Qf3 Ka5 69. Nd2 Rh1+ 70. Kg3 Qg6+ 71. Qg4 Qxh6 72. Ne4 Kb4 73. Rf3 Qh2+
74. Kf2 Qe5 75. Qf4 Qxf4 76. Rxf4 Kxb3 77. Nd6 a5 78. g4 a4 79. Nb5 Rc1 80.
Rf3+ Kxc4 81. Na3+ Kb4 82. g5 c4 83. Rh3 c3 84. Rxh7 Kxa3 85. g6 c2 86. Rc7 Rd1
87. Rxc2 b5 88. Ke2 Rg1 89. Rc6 b4 90. Kd2 Kb2 91. Rc2+ Kb3 92. Rc1 Rxg6 93.
Rb1+ Ka3 94. Ra1+ Kb2 95. Rxa4 Rd6+ 96. Ke2 b3 97. Ra8 Kb1 98. Rb8 b2 99. Rc8
Ra6 100. Kd2 Ka2 101. Rc2 Rd6+ 102. Ke2 Ka1 0-1

[Event "London Classic Open (rapid) 2015"]
[Site "London ENG"]
[Date "2015.12.12"]
[Round "3"]
[White "McShane, Luke J"]
[Black "Jackson, James P"]
[Result "1-0"]
[WhiteElo "2687"]
[BlackElo "2368"]
[PlyCount "63"]
[EventDate "2015.12.12"]

1. e4 c5 2. Nf3 e6 3. g3 d5 4. exd5 exd5 5. d4 Nf6 6. Bg2 Be7 7. O-O O-O 8. Nc3
Nc6 9. dxc5 Bxc5 10. Bg5 d4 11. Ne4 Be7 12. Bxf6 Bxf6 13. Ne1 Be7 14. Nd3 Qb6
15. a3 a5 16. Re1 Be6 17. Qh5 a4 18. Ng5 Bxg5 19. Qxg5 Ra5 20. Qd2 Rb5 21. Be4
Bc4 22. Re2 Na5 23. Rae1 Qf6 24. Bg2 Bxd3 25. Qxd3 Rxb2 26. Re8 g6 27. Qd2 Rxe8
28. Rxe8+ Kg7 29. Qxa5 Rxc2 30. Qe5 Rxf2 31. Qxf6+ Rxf6 32. Rd8 1-0

[Event "London Classic Open (rapid) 2015"]
[Site "London ENG"]
[Date "2015.12.12"]
[Round "4"]
[White "Strugnell, Carl"]
[Black "McShane, Luke J"]
[Result "0-1"]
[WhiteElo "2242"]
[BlackElo "2687"]
[PlyCount "88"]
[EventDate "2015.12.12"]

1. e4 e5 2. Nf3 Nc6 3. Bb5 Nf6 4. d3 Bc5 5. Bxc6 dxc6 6. Nbd2 O-O 7. O-O Nd7 8.
a4 Re8 9. b3 Bd6 10. Nc4 c5 11. Kh1 Nb8 12. Ng1 Nc6 13. Ne2 f5 14. exf5 Bxf5
15. Ng3 Bg6 16. Nd2 Nd4 17. Nde4 Qd7 18. Be3 Rf8 19. Qd2 Rae8 20. a5 Bf7 21.
Qc3 Bd5 22. f3 Qc6 23. Qb2 Kh8 24. c4 Bf7 25. Bxd4 exd4 26. f4 Be6 27. f5 Bd7
28. Qd2 Be5 29. Qg5 b6 30. Qh5 Kg8 31. axb6 axb6 32. Rae1 Qh6 33. Qxh6 gxh6 34.
Rf3 Bxg3 35. hxg3 h5 36. Ref1 Re5 37. f6 Kf7 38. Ra1 Bc6 39. Ra7 Bxe4 40. dxe4
Kg6 41. Rxc7 Rxf6 42. Rb7 Rxe4 43. Rxf6+ Kxf6 44. Rxb6+ Re6 0-1

[Event "London Classic Open (rapid) 2015"]
[Site "London ENG"]
[Date "2015.12.12"]
[Round "5"]
[White "McShane, Luke J"]
[Black "Georgescu, Tiberiu-Marian"]
[Result "1-0"]
[WhiteElo "2687"]
[BlackElo "2453"]
[PlyCount "61"]
[EventDate "2015.12.12"]

1. e4 e5 2. Nf3 Nc6 3. Bb5 Nf6 4. d3 Bc5 5. Bxc6 dxc6 6. Nbd2 O-O 7. Nc4 Nd7 8.
Qe2 Re8 9. Bd2 Bd6 10. g4 Nf8 11. Ne3 c5 12. Nf5 b5 13. h4 Be6 14. h5 c4 15.
Rg1 cxd3 16. cxd3 Qd7 17. Qe3 f6 18. g5 fxg5 19. Nxg7 h6 20. Nxe8 Be7 21. Nxe5
Qxe8 22. f4 Qxh5 23. Qf3 Qh4+ 24. Ke2 Kh7 25. Rh1 g4 26. Qg2 Qf6 27. f5 Qxe5
28. Rxh6+ Kg8 29. Qxg4+ Qg7 30. Qxg7+ Kxg7 31. fxe6 1-0

[Event "London Classic Open (rapid) 2015"]
[Site "London ENG"]
[Date "2015.12.13"]
[Round "6"]
[White "Howell, David W L"]
[Black "McShane, Luke J"]
[Result "0-1"]
[WhiteElo "2693"]
[BlackElo "2687"]
[PlyCount "160"]
[EventDate "2015.12.12"]

1. Nf3 d5 2. g3 c6 3. Bg2 Nf6 4. O-O Bg4 5. d3 Nbd7 6. h3 Bh5 7. Qe1 e5 8. e4
dxe4 9. dxe4 Be7 10. Nh4 O-O 11. Nf5 Bc5 12. b4 Bb6 13. Bb2 a5 14. a3 axb4 15.
axb4 Rxa1 16. Bxa1 Qa8 17. Nd2 Qa2 18. Qb1 Ra8 19. g4 Bg6 20. Bf3 Bc7 21. Nb3
Nf8 22. Nc5 b6 23. Nd3 Bxf5 24. gxf5 N8d7 25. Rc1 Qc4 26. Qb3 Qxb3 27. cxb3 Ra3
28. Kg2 Kf8 29. Bb2 Rxb3 30. Rxc6 Rxd3 31. Rxc7 Ke8 32. Rc8+ Ke7 33. Bc3 b5 34.
Be2 Rd6 35. Kf3 Rb6 36. Bd2 g6 37. Be3 Rb7 38. fxg6 hxg6 39. Rc6 Ne8 40. Bd1
Rc7 41. Ra6 Nd6 42. Be2 Nc4 43. Bc1 f6 44. h4 Nb8 45. Ra1 Nc6 46. Bxc4 Nd4+ 47.
Kg2 bxc4 48. Rb1 Kd7 49. b5 Kc8 50. b6 Rc6 51. b7+ Kb8 52. f4 Nb3 53. fxe5 fxe5
54. Bb2 c3 55. Ba3 Rb6 56. Rf1 Kxb7 57. Rf3 c2 58. Rc3 Nd4 59. Bc1 Rc6 60. Re3
Kb6 61. Kf2 Kb5 62. Ke1 Kb4 63. Ba3+ Ka4 64. Bc1 Nb3 65. Bb2 c1=Q+ 66. Bxc1
Rxc1+ 67. Kf2 Rc2+ 68. Kg3 Nd4 69. Kg4 Rg2+ 70. Kh3 Rg1 71. Kh2 Rf1 72. Rg3 Rf6
73. Kg2 Kb4 74. Rg5 Nc6 75. Rg3 Kc4 76. Ra3 Kd4 77. Ra4+ Ke3 78. Kg3 Nd4 79.
Kg4 Kxe4 80. Kg5 Re6 0-1

[Event "London Classic Open (rapid) 2015"]
[Site "London ENG"]
[Date "2015.12.13"]
[Round "7"]
[White "McShane, Luke J"]
[Black "Melkumyan, Hrant"]
[Result "1-0"]
[WhiteElo "2687"]
[BlackElo "2632"]
[PlyCount "141"]
[EventDate "2015.12.12"]

1. e4 e5 2. Nf3 Nc6 3. Bb5 a6 4. Ba4 Nf6 5. O-O Be7 6. d3 b5 7. Bb3 d6 8. c3
Na5 9. Bc2 c5 10. Re1 O-O 11. d4 Qc7 12. Nbd2 Bd7 13. Nf1 Nc4 14. h3 cxd4 15.
cxd4 Rfc8 16. b3 Nb6 17. Ne3 d5 18. exd5 exd4 19. Nxd4 Bb4 20. Bd2 Bxd2 21.
Qxd2 Qc3 22. Rad1 Qxd2 23. Rxd2 g6 24. Nf3 Re8 25. b4 a5 26. bxa5 Nc4 27. Rd4
Rxa5 28. Bb3 Nd6 29. Nc2 Raa8 30. Nb4 Rxe1+ 31. Nxe1 Re8 32. Nec2 Nfe4 33. Rd3
Kg7 34. Re3 Rc8 35. f3 Nf6 36. Kf2 h5 37. Nd4 Rc1 38. Re1 Rc3 39. Ne2 Rc5 40.
h4 Rc8 41. Rc1 Re8 42. Nd4 Ra8 43. Rc7 Nde8 44. Rc2 Nd6 45. Nbc6 Re8 46. Re2
Ra8 47. Ne5 Be8 48. Ke3 Rc8 49. Rc2 Rxc2 50. Nxc2 Nf5+ 51. Kf2 Nxh4 52. Nd4 g5
53. d6 Ng6 54. Nxg6 fxg6 55. Ne6+ Kh6 56. Nc5 Nd7 57. Bf7 Nxc5 58. Bxe8 b4 59.
Ke3 Kg7 60. Kd4 Ne6+ 61. Kc4 Kf6 62. Kxb4 Nf4 63. a4 Nxg2 64. a5 h4 65. Bd7 Ke5
66. a6 Kxd6 67. a7 Kxd7 68. a8=Q Ke6 69. Kc5 Nf4 70. Qe4+ Kf7 71. Kd6 1-0